Statistics for Names of Army Units

Click here to take the quiz!

General Stats

  • This quiz has been taken 23,728 times
  • The average score is 5 of 8

Answer Stats

# SoldiersCommanderUnit% Correct
100,000+GeneralArmy
87%
300–1,000Lieutenant ColonelBattalion
67%
26–55LieutenantPlatoon
63%
3,000–5,000Brigadier GeneralBrigade
60%
6,000–20,000Major GeneralDivision
60%
80–250CaptainCompany
43%
1,000–3,000ColonelRegiment
40%
20,000–50,000Lieutenant GeneralCorps
33%

Score Distribution

Percentile by Number Answered

Percent of People with Each Score

Your Score History

You have not taken this quiz